UNDERGROUND METALLIFEROUS MINING (Record no. 8892)

MARC details
000 -LEADER
fixed length control field 00509nam a22001817a 4500
005 - DATE AND TIME OF LATEST TRANSACTION
control field 20251010114539.0
008 - FIXED-LENGTH DATA ELEMENTS--GENERAL INFORMATION
fixed length control field 251008b |||||||| |||| 00| 0 eng d
020 ## - INTERNATIONAL STANDARD BOOK NUMBER
ISBN 978-81-975124-2-1
041 ## - LANGUAGE CODE
Language code of text/sound track or separate title eng
082 ## - DEWEY DECIMAL CLASSIFICATION NUMBER
Classification number 622.12 BHO-U
100 ## - MAIN ENTRY--AUTHOR NAME
Personal name BHOWMIK, PROF S.C. & SAHU, PROF PATITAPABAN AND BEHERA, PROF P.K
245 ## - TITLE STATEMENT
Title UNDERGROUND METALLIFEROUS MINING
250 ## - EDITION STATEMENT
Edition statement 1ST ED. 2025
260 ## - PUBLICATION, DISTRIBUTION, ETC. (IMPRINT)
Place of publication JAMSHEDPUR , JHARKHAND
Name of publisher KHWAAB PUBLICATION
300 ## - PHYSICAL DESCRIPTION
Number of Pages 151;P
650 ## - SUBJECT ADDED ENTRY--TOPICAL TERM
Topical Term MINING
942 ## - ADDED ENTRY ELEMENTS (KOHA)
Koha item type Books
Holdings
Lost status Damaged status Collection code Home library Current library Date acquired Source of acquisition Cost, normal purchase price Full call number Accession Number Koha item type Shelving location
    MINING JRU Library JRU Library 08/10/2025 PURCHASE 550.00 622.12 28964 Books  
    MINING JRU Library JRU Library 08/10/2025 PURCHASE 550.00 622.12 28965 Books SHELF-100-D